Borvendég nem ígér könnyű álmot
Elmentve itt :
| Szerző: | |
|---|---|
| Dokumentumtípus: | Cikk |
| Megjelent: |
1992-10-20
|
| Sorozat: | Délmagyarország
82 No. 247 |
| Kulcsszavak: | Borvendég Béla, közlekedés |
| Online Access: | http://dmarchiv.bibl.u-szeged.hu/92519 |
| LEADER | 00471nab a2200157 i 4500 | ||
|---|---|---|---|
| 001 | delm92519 | ||
| 005 | 20191001145647.0 | ||
| 008 | 191001s1992 hu o 0|| hun d | ||
| 040 | |a SZTE Délmagyarország Archívum |b hun | ||
| 041 | |a hun | ||
| 100 | 1 | |a Panek Sándor | |
| 245 | 1 | 0 | |a Borvendég nem ígér könnyű álmot |h [elektronikus dokumentum] / |c Panek Sándor |
| 260 | |c 1992-10-20 | ||
| 300 | |a 3 | ||
| 490 | 0 | |a Délmagyarország |v 82 No. 247 | |
| 695 | |a Borvendég Béla, közlekedés | ||